Регионална библиотека "Любен Каравелов" - Русе

На границата на мечтата (Запис номер 172119)

MARC детайли
000 -Лидер
Контролно поле с фиксирана дължина nam a22 a 4500
003 - Код на организацията, давaща контролен номер
Контролно поле BLK
005 - Дата и час на последна редакция
Контролно поле 20220429120227.0
008 - Елементи от данни с фиксирана дължина
fixed length control field 180411b bul|||||r ||||||| ||bul||
010 ## - Наследен системен номер
LC control number KNG00180426000
040 ## - Източник на каталожния запис
Идентификатор на билиотеката - собственик на записа BLK
041 ## - Код за език
Код за езика на текст/звукозапис или на отделно заглавие Български
Код за езика КДБФ Български
080 ## - УДК
Текстов определител УДК Техника. Технически науки
УДК код - определител по УДК 62
УДК - код + определител 62
080 ## - УДК
Текстов определител УДК Техника на транспортните средства
УДК код - определител по УДК 629
УДК - код + определител 629
100 1# - Редна дума - Автор
Автор Покровский, Георгий П.
Авторска отговорност първи автор
R(LIN) 290012
139 ## - Редно поле
Редна дума Покровский, Георгий П. и др.
Авторски знак Пок - П 68
245 10 - Сведения за заглавието
Заглавие На границата на мечтата
Редно поле (дума) Георгий П. Покровский; съавт. Юрий А. Моралевич; науч. ред. В. В. Звонков; прев. от рус. Маргарита Ганева.
257 ## - Страна на издаване
Страна на създаване/издаване България
260 ## - Област на издателските данни
Име на издателя, разпространителя и проч. Нар. младеж
Година на издаване 1964
Място на издаване, разпространение и проч. София
300 ## - Физическа характеристика
Страници 203 с.
Илюстрации и др. с ил.
Размери/Мащаб 20 см
380 ## - Жанр
Жанр Техника
490 ## - СЕРИИ (Колекции)
Име на серия Поредица Светът утре
№: серия 24
9 (RLIN) 206101
650 #4 - Допълнително описание по предмет – тема
Основно описание – тема или топоним Техника
9 (RLIN) 173585
653 ## - Ключова дума – ненормативна
Ключова дума транспорт
653 ## - Ключова дума – ненормативна
Ключова дума техника
653 ## - Ключова дума – ненормативна
Ключова дума бъдеще
700 1# - Други автори (авторска отговорност)
Лично име Моралевич, Юрий А.
Автороска отговорност (Описва отношението между автора и произведението) съавт.
9 (RLIN) 99050
700 1# - Други автори (авторска отговорност)
Лично име Звонков, В. В.
Автороска отговорност (Описва отношението между автора и произведението) науч. ред.
9 (RLIN) 69475
700 1# - Други автори (авторска отговорност)
Лично име Ганева, Маргарита
Автороска отговорност (Описва отношението между автора и произведението) прев. от рус.
9 (RLIN) 339161
852 ## - Местоположение
Форматна сигнатура Цб 31840
Фондова буква Хранилище
856 4# - Електронен адрес и достъп
Електронен формат pdf - файл
856 4# - Електронен адрес и достъп
Електронен формат pdf - файл
999 ## - СИСТЕМНИ КОНТРОЛНИ НОМЕРА
Koha biblionumber 172119
Koha biblioitemnumber 172119
942 ## - АРТИКУЛИ
Вид на библиотечния материал Книги
Скрит в OPAC Не
Периодичен библиозапис Да
944 ## - СЪЗДАВАНЕ И РЕДАКЦИЯ на ЗАПИСА
Създаване/Редакция Създаване
Дата на регистрацията/редакция 26.08.2015
Служител, извършил регистрацията/редакцията Валентина_Караджова
944 ## - СЪЗДАВАНЕ И РЕДАКЦИЯ на ЗАПИСА
Създаване/Редакция Редакция
Дата на регистрацията/редакция 26.08.2015
Служител, извършил регистрацията/редакцията Валентина_Караджова
999 ## - СИСТЕМНИ КОНТРОЛНИ НОМЕРА
Koha biblioitemnumber 172119
Наличности
Код за отписване Код за изгубен артикул Източник на класификационната схема Код за повреда Коз за рестрикции Код за отдаване Артикулен № Име на библиотеката - собственик Име на библиотеката, в която се намира в момента Статус (Текущо местоположение) Дата на вписване в системата Местоположение - отдел Цена в лева Инвентарен номер Систематично азбучна сигнатура Баркод Номер на екземпляра Цена в евро Служебна бележка Служебен тип на артикула
  Не е изгубен Universal Decimal Classification Не е повреден само за читалня ползва се в читалня 292983 Регионална библиотека "Любен Каравелов" Русе Регионална библиотека "Любен Каравелов" Русе Хранилище 1964-01-01 Хранилище 0.75 16620/64 Цб 31840 900000093899 1 0.38 Вид: Сф N: Сф Дата: 01.01.1964 Книги
Изтеглен Не е изгубен Universal Decimal Classification Не е повреден без рестрикции заемане за дома 292984 Регионална библиотека "Любен Каравелов" Русе Регионална библиотека "Любен Каравелов" Русе Заемна - подръчен фонд 1964-01-01 Заемна - подръчен фонд 0.00 17016/64 П 62/П 68 17016/64 2 0.00 Вид: Сф N: Сф Дата: 01.01.1964 Книги
Vip Innovations Ltd, Rousse, Bulgaria 2025